000 00476nam a22001577a 4500
999 _c528847
_d528847
003 NUST
020 _a1-874041-25-3
038 _aMSOHAIL
082 _a954.91 MOH
100 _aMOHAMED AMIN,WILLETTS, DUNCAN,FARROW, BERNDAN
_920635
245 _aPakistan from mountain to sea
260 _bKenya
_aCamerapix Pub
_c1994
300 _a250,p;
_c25cm
650 _aJOURNEY THROUGH PAKISTAN..PAKISTAN GEOGRAPHICAL HISTORY.PAKISTAN FROM MOUNTAINS TO SEA
_920636
942 _cBK
_2ddc